000 00676nam a2200205 a 4500
001 0710
005 20140414132143.0
008 040927s19uu xx 00 eng d
020 _a0-439-04605-X
050 _aKIT (LCER) 612.8
_bC16 1999
100 _aCanizares, Susan
245 _aLook, listen and learn /
_cSusan Canizares, Pamela Chanko.
260 _aNew York :
_bScholastic,
_c1999.
300 _a1 v. (unp.) : ill. ; cm.
440 _aLearning center emergent readers
520 _aPhotographs and rhyming text tells how to use each of the five senses to learn more about the world.
650 _aSenses and sensation.
999 _c115381
_d115381